[Event "SVK-chT1E 1920"]
[Site "Slovakia"]
[Date "2019.11.09"]
[Round "3.1"]
[White "Tatarko, Tomas"]
[Black "Toth, Ervin"]
[Result "0-1"]
[WhiteElo "1989"]
[BlackElo "2441"]
[PlyCount "64"]
[EventDate "2019.10.12"]
[EventType "team-tourn"]
[EventRounds "11"]
[EventCountry "SVK"]
[SourceTitle "CBM 193 Extra"]
[Source "ChessBase"]
[SourceDate "2020.01.31"]
[SourceVersion "1"]
[SourceVersionDate "2020.01.31"]
[SourceQuality "1"]
[WhiteTeam "Sabinov"]
[BlackTeam "Cebovce"]
[WhiteTeamCountry "SVK"]
[BlackTeamCountry "SVK"]

1. e4 g6 2. d4 Bg7 3. Nf3 d6 4. Nc3 Nf6 5. Bc4 c6 6. h3 b5 7. Bb3 b4 8. e5 bxc3 9. exf6 Bxf6 10. bxc3 Qa5 11. 0-0 0-0 12. Rb1 Nd7 13. Bd2 Nb6 14. Qc1 Qf5 15. a4 e5 16. Bg5 e4 17. Bxf6 Qxf6 18. Ng5 d5 19. f3 h6 20. Nxe4 dxe4 21. Qxh6 Ba6 22. Rf2 e3 23. Qxe3 Rfe8 24. Qd2 Rab8 25. Re1 Nc4 26. Qc1 Na5 27. Rxe8+ Rxe8 28. Ba2 Kg7 29. g4 Bc4 30. Bxc4 Nxc4 31. f4 Qh4 32. Rf3 Re1+ 0-1

[Event "SVK-chT1E 1718"]
[Site "Slovakia"]
[Date "2018.03.11"]
[Round "11.6"]
[White "Csolto, Tibor"]
[Black "Tatarko, Tomas"]
[Result "1/2-1/2"]
[WhiteElo "2082"]
[BlackElo "1956"]
[PlyCount "44"]
[EventDate "2017.10.21"]
[EventType "team-tourn"]
[EventRounds "11"]
[EventCountry "SVK"]
[SourceTitle "EXT 2019"]
[Source "ChessBase"]
[SourceDate "2018.10.10"]
[SourceVersion "1"]
[SourceVersionDate "2018.10.10"]
[SourceQuality "1"]
[WhiteTeam "Jelsava Magnezit"]
[BlackTeam "Sabinov"]
[WhiteTeamCountry "SVK"]
[BlackTeamCountry "SVK"]

1. e4 c5 2. Nf3 d6 3. Bb5+ Bd7 4. Bxd7+ Qxd7 5. 0-0 Nc6 6. c3 Nf6 7. Re1 g6 8. d4 Bg7 9. Bg5 cxd4 10. cxd4 0-0 11. Nc3 Rfd8 12. Nd5 h6 13. Bxf6 Bxf6 14. Nxf6+ exf6 15. d5 Ne5 16. Nd4 Rac8 17. f4 Nc4 18. b3 Nb6 19. f5 g5 20. Qh5 Kg7 21. Rac1 Rxc1 22. Rxc1 Rc8 1/2-1/2

[Event "SVK-chT1E 1718"]
[Site "Slovakia"]
[Date "2018.02.03"]
[Round "7.6"]
[White "Tatarko, Tomas"]
[Black "Ihnat, Marek1"]
[Result "0-1"]
[WhiteElo "1964"]
[BlackElo "1873"]
[PlyCount "74"]
[EventDate "2017.10.21"]
[EventType "team-tourn"]
[EventRounds "11"]
[EventCountry "SVK"]
[SourceTitle "EXT 2019"]
[Source "ChessBase"]
[SourceDate "2018.10.10"]
[SourceVersion "1"]
[SourceVersionDate "2018.10.10"]
[SourceQuality "1"]
[WhiteTeam "Sabinov"]
[BlackTeam "Michalovce Zemplin"]
[WhiteTeamCountry "SVK"]
[BlackTeamCountry "SVK"]

1. c4 Nf6 2. Nc3 d5 3. cxd5 Nxd5 4. Nf3 c5 5. g3 g6 6. Bg2 Bg7 7. Qb3 Nxc3 8. bxc3 0-0 9. Ba3 Qa5 10. Bb2 Nc6 11. 0-0 Be6 12. Qc2 h6 13. d3 b5 14. Nd2 Qb6 15. Rfb1 Rfc8 16. e3 Rab8 17. a3 a5 18. c4 Bxb2 19. Qxb2 b4 20. axb4 cxb4 21. Nb3 Ra8 22. Ra4 Ra7 23. Rba1 Rd8 24. Qe2 Ne5 25. Rxa5 Rxa5 26. Rxa5 Nxd3 27. Bd5 Nc1 28. Qc2 Nxb3 29. Rb5 Qxb5 30. cxb5 Bxd5 31. e4 Be6 32. b6 Nd4 33. Qc7 Rc8 34. Qxe7 Bh3 35. f4 Rc1+ 36. Kf2 Rf1+ 37. Ke3 Nf5+ 0-1

[Event "SVK-chT2D 1617"]
[Site "Slovakia"]
[Date "2017.03.11"]
[Round "10.5"]
[White "Tatarko, Tomas"]
[Black "Body, Stefan"]
[Result "0-1"]
[WhiteElo "1986"]
[BlackElo "1787"]
[PlyCount "77"]
[EventDate "2016.10.08"]
[EventType "team-tourn"]
[EventRounds "11"]
[EventCountry "SVK"]
[SourceTitle "EXT 2019"]
[Source "ChessBase"]
[SourceDate "2018.10.10"]
[SourceVersion "1"]
[SourceVersionDate "2018.10.10"]
[SourceQuality "1"]
[WhiteTeam "Sabinov II"]
[BlackTeam "Poprad LS VD"]
[WhiteTeamCountry "SVK"]
[BlackTeamCountry "SVK"]

1. e4 c6 2. d4 d5 3. e5 Bf5 4. Nc3 e6 5. g4 Bg6 6. Nge2 h6 7. Nf4 Bh7 8. Bd3 Bxd3 9. Nxd3 Ne7 10. Be3 Nd7 11. f4 g6 12. Qf3 h5 13. h3 Qa5 14. 0-0-0 b5 15. Kb1 Rb8 16. Ne2 Nb6 17. Bd2 Qa6 18. f5 gxf5 19. Rdf1 Nc4 20. Bg5 Rg8 21. Qf4 hxg4 22. hxg4 Qa5 23. Rf2 Rxg5 24. Qxg5 Nd2+ 25. Ka1 Ne4 26. Qf4 Nxf2 27. Nxf2 b4 28. Nc1 c5 29. Nb3 Qb5 30. dxc5 Ng6 31. Qd4 f4 32. Nd3 Qc4 33. c6 Rb6 34. c7 Qxc7 35. Nxf4 Nxe5 36. Nh5 Rc6 37. Nf6+ Kd8 38. Rh8 Ng6 39. Rh2 0-1

[Event "SVK-chT2D 1617"]
[Site "Slovakia"]
[Date "2017.02.12"]
[Round "9.5"]
[White "Tatarko, Tomas"]
[Black "Kostelnik, Peter"]
[Result "1/2-1/2"]
[WhiteElo "1986"]
[BlackElo "1961"]
[PlyCount "67"]
[EventDate "2016.10.08"]
[EventType "team-tourn"]
[EventRounds "11"]
[EventCountry "SVK"]
[SourceTitle "EXT 2018"]
[Source "ChessBase"]
[SourceDate "2017.10.13"]
[SourceVersion "1"]
[SourceVersionDate "2017.10.13"]
[SourceQuality "1"]
[WhiteTeam "Sabinov II"]
[BlackTeam "Kosice Slavia TU IV"]
[WhiteTeamCountry "SVK"]
[BlackTeamCountry "SVK"]

1. e4 e6 2. d4 d5 3. e5 c5 4. c3 Nc6 5. Nf3 Qb6 6. Bd3 cxd4 7. cxd4 Bd7 8. 0-0 f6 9. exf6 Nxf6 10. Nc3 Bd6 11. Nb5 Bb8 12. a3 0-0 13. Nc3 e5 14. Na4 Qc7 15. dxe5 Nxe5 16. Nxe5 Qxe5 17. g3 Ng4 18. Nc3 Qh5 19. h4 Qe5 20. Be2 Nf6 21. Bf4 Qe6 22. Bxb8 Raxb8 23. Bf3 Bc6 24. Bg2 Rbd8 25. Qd4 a6 26. Rfe1 Qf7 27. f4 Ne4 28. Kh2 Qg6 29. Re3 Nf2 30. Re2 Ng4+ 31. Kg1 Nf6 32. Kh2 Ng4+ 33. Kg1 Nf6 34. Kh2 1/2-1/2

[Event "SVK-chT2D 1617"]
[Site "Slovakia"]
[Date "2016.11.06"]
[Round "4.6"]
[White "Zuscin, Martin"]
[Black "Tatarko, Tomas"]
[Result "1/2-1/2"]
[WhiteElo "1961"]
[BlackElo "1986"]
[PlyCount "82"]
[EventDate "2016.10.08"]
[EventType "team-tourn"]
[EventRounds "11"]
[EventCountry "SVK"]
[SourceTitle "EXT 2018"]
[Source "ChessBase"]
[SourceDate "2017.10.13"]
[SourceVersion "1"]
[SourceVersionDate "2017.10.13"]
[SourceQuality "1"]
[WhiteTeam "Bardejov II"]
[BlackTeam "Sabinov II"]
[WhiteTeamCountry "SVK"]
[BlackTeamCountry "SVK"]

1. e4 c5 2. Nf3 d6 3. Nc3 Nf6 4. d4 cxd4 5. Nxd4 a6 6. Bg5 e6 7. Be2 Nbd7 8. Qd2 Be7 9. 0-0-0 Qc7 10. f4 h6 11. Bxf6 Nxf6 12. Bf3 Rb8 13. g4 Nd7 14. Kb1 b5 15. e5 dxe5 16. Nc6 Rb6 17. Nxe7 Kxe7 18. Rhe1 Rd6 19. Qe2 Rxd1+ 20. Rxd1 Rd8 21. f5 Nf6 22. Rg1 Qc5 23. Rg2 Qd4 24. a3 Kf8 25. h4 exf5 26. g5 hxg5 27. hxg5 Ng4 28. Bxg4 fxg4 29. Qf1 Bb7 30. Rf2 Bf3 31. Qg1 e4 32. g6 f5 33. Qh2 e3 34. Rf1 Qf6 35. Qf4 e2 36. Re1 Qxg6 37. Nxe2 Re8 38. Qb4+ Kg8 39. Nf4 Rxe1+ 40. Qxe1 Qd6 41. Qe8+ Kh7 1/2-1/2

[Event "SVK-chT2D 1314"]
[Site "Slovakia"]
[Date "2014.02.01"]
[Round "7.6"]
[White "Ducay, Miroslav"]
[Black "Tatarko, Tomas"]
[Result "0-1"]
[WhiteElo "1990"]
[BlackElo "1981"]
[PlyCount "36"]
[EventDate "2013.10.19"]
[EventType "team-tourn"]
[EventRounds "11"]
[EventCountry "SVK"]
[SourceTitle "EXT 2015"]
[Source "ChessBase"]
[SourceDate "2014.11.20"]
[SourceVersion "1"]
[SourceVersionDate "2014.11.20"]
[SourceQuality "1"]
[WhiteTeam "Presov Tatran Dason"]
[BlackTeam "Sabinov II"]
[WhiteTeamCountry "SVK"]
[BlackTeamCountry "SVK"]

1. e4 c5 2. Nf3 d6 3. d4 cxd4 4. Nxd4 Nf6 5. Nc3 a6 6. Be2 Qc7 7. 0-0 e5 8. Nb3 Be6 9. Bg5 Be7 10. Rc1 Nbd7 11. f3 0-0 12. Qd2 Rfe8 13. Rfd1 b5 14. Nd5 Bxd5 15. exd5 Nb6 16. c4 bxc4 17. Bxf6 Bxf6 18. Qb4 Qa7 0-1

[Event "SVK-chT2D 1213"]
[Site "Slovakia"]
[Date "2013.02.17"]
[Round "9.6"]
[White "Tatarko, Tomas"]
[Black "Pcola, Jaroslav1"]
[Result "1/2-1/2"]
[WhiteElo "1987"]
[BlackElo "2100"]
[PlyCount "50"]
[EventDate "2012.10.13"]
[EventType "team-tourn"]
[EventRounds "11"]
[EventCountry "SVK"]
[SourceTitle "EXT 2015"]
[Source "ChessBase"]
[SourceDate "2014.11.20"]
[SourceVersion "1"]
[SourceVersionDate "2014.11.20"]
[SourceQuality "1"]
[WhiteTeam "Sabinov II"]
[BlackTeam "Humenne"]
[WhiteTeamCountry "SVK"]
[BlackTeamCountry "SVK"]

1. c4 Nf6 2. Nc3 e6 3. Nf3 Bb4 4. g3 0-0 5. Bg2 d5 6. cxd5 exd5 7. d4 Re8 8. 0-0 c6 9. a3 Bd6 10. b4 Nbd7 11. b5 Nb6 12. e3 Bg4 13. Qb3 Nc4 14. Nd2 Na5 15. Qa4 Bd7 16. bxc6 Bxc6 17. Qc2 Rc8 18. Qd3 b6 19. a4 Nc4 20. Nb5 Bb8 21. Ba3 a6 22. Nc3 Nxd2 23. Qxd2 Ne4 24. Nxe4 dxe4 25. Qb4 Qd7 1/2-1/2

[Event "SVK-chT1E 1112"]
[Site "Slovakia"]
[Date "2011.12.10"]
[Round "5.7"]
[White "Tatarko, Tomas"]
[Black "Kravec, Patrik"]
[Result "1/2-1/2"]
[WhiteElo "2001"]
[BlackElo "1737"]
[PlyCount "71"]
[EventDate "2011.10.15"]
[EventType "team-tourn"]
[EventRounds "11"]
[EventCountry "SVK"]
[SourceTitle "EXT 2013"]
[Source "ChessBase"]
[SourceDate "2012.11.22"]
[SourceVersion "1"]
[SourceVersionDate "2012.11.22"]
[SourceQuality "1"]
[WhiteTeam "Sabinov"]
[BlackTeam "Sabinov II"]
[WhiteTeamCountry "SVK"]
[BlackTeamCountry "SVK"]

1. c4 e6 2. Nc3 d5 3. cxd5 exd5 4. d4 Nf6 5. Bg5 Be7 6. Nf3 0-0 7. e3 c6 8. Bd3 Nbd7 9. 0-0 Re8 10. Qc2 Nf8 11. Bxf6 Bxf6 12. b4 a6 13. a4 g6 14. b5 axb5 15. axb5 Bd7 16. bxc6 bxc6 17. Rab1 Qe7 18. Na4 Rab8 19. Nc5 Ne6 20. Nxd7 Qxd7 21. Rxb8 Rxb8 22. Rc1 Rb6 23. g3 Qb7 24. Bf1 Nd8 25. Bh3 Qe7 26. Nd2 Qa3 27. Rb1 Rxb1+ 28. Nxb1 Qd6 29. Nd2 Be7 30. Nb3 Qb4 31. Nc1 c5 32. Nd3 Qc4 33. Qxc4 dxc4 34. Ne1 cxd4 35. exd4 Nc6 36. Bf1 1/2-1/2

[Event "SVK-chT1E 1112"]
[Site "Slovakia"]
[Date "2011.11.13"]
[Round "4.8"]
[White "Tatarko, Tomas"]
[Black "Kusiak, Matej"]
[Result "1/2-1/2"]
[WhiteElo "2001"]
[BlackElo "2149"]
[PlyCount "133"]
[EventDate "2011.10.15"]
[EventType "team-tourn"]
[EventRounds "11"]
[EventCountry "SVK"]
[SourceTitle "EXT 2013"]
[Source "ChessBase"]
[SourceDate "2012.11.22"]
[SourceVersion "1"]
[SourceVersionDate "2012.11.22"]
[SourceQuality "1"]
[WhiteTeam "Sabinov"]
[BlackTeam "Kosice Slavia"]
[WhiteTeamCountry "SVK"]
[BlackTeamCountry "SVK"]

1. c4 Nf6 2. Nc3 g6 3. Nf3 Bg7 4. g3 d5 5. cxd5 Nxd5 6. Bg2 0-0 7. 0-0 c5 8. Qb3 Nb6 9. d3 Nc6 10. Bf4 Nd4 11. Nxd4 cxd4 12. Ne4 Be6 13. Qa3 Bd5 14. Rfc1 e5 15. Bd2 f5 16. Nd6 Bxg2 17. Kxg2 Qd7 18. Qb3+ Kh8 19. Bb4 Rf6 20. Nc4 e4 21. Bd2 Nd5 22. Ne5 Qe6 23. Qxb7 Re8 24. Bf4 g5 25. Rc6 Nxf4+ 26. gxf4 Qd5 27. Rc7 Qxb7 28. Rxb7 gxf4 29. Nc4 Rg6+ 30. Kh1 f3 31. exf3 exd3 32. Rb3 Rc6 33. Nd2 Rc2 34. Rxd3 Re2 35. Nb3 Rxf2 36. Nxd4 Rxh2+ 37. Kg1 Rcg2+ 38. Kf1 Rxb2 39. Kg1 Rhg2+ 40. Kh1 Rh2+ 41. Kg1 Kg8 42. Rc1 Rbg2+ 43. Kf1 Rxa2 44. Kg1 Rhg2+ 45. Kf1 Raf2+ 46. Ke1 Bf8 47. Rb3 Ra2 48. Kf1 Rgb2 49. Rxb2 Rxb2 50. Nxf5 h5 51. Rc7 a5 52. Ne7+ Bxe7 53. Rxe7 a4 54. Ra7 Ra2 55. Kg1 a3 56. f4 h4 57. f5 h3 58. f6 Rg2+ 59. Kh1 a2 60. f7+ Kf8 61. Ra8+ Kxf7 62. Ra7+ Kf6 63. Ra6+ Ke5 64. Ra5+ Kd4 65. Ra4+ Kc3 66. Ra3+ Kb2 67. Rxa2+ 1/2-1/2

[Event "SVK-chT2D 10/11"]
[Site "Slovakia"]
[Date "2011.02.05"]
[Round "6.3"]
[White "Gdula, Jan"]
[Black "Tatarko, Tomas"]
[Result "1/2-1/2"]
[WhiteElo "1915"]
[BlackElo "2033"]
[PlyCount "72"]
[EventDate "2010.10.23"]
[EventType "team-tourn"]
[EventRounds "11"]
[EventCountry "SVK"]
[SourceTitle "EXT 2019"]
[Source "ChessBase"]
[SourceDate "2018.10.10"]
[SourceVersion "1"]
[SourceVersionDate "2018.10.10"]
[SourceQuality "1"]
[WhiteTeam "Presov Slavia PU"]
[BlackTeam "Sabinov II"]
[WhiteTeamCountry "SVK"]
[BlackTeamCountry "SVK"]

1. e4 c5 2. Nc3 a6 3. f4 e6 4. Nf3 Nc6 5. d3 g6 6. Be3 d6 7. Qd2 Bg7 8. g3 Nge7 9. Bg2 Nd4 10. 0-0 Nec6 11. Rab1 0-0 12. Ne2 Nxe2+ 13. Qxe2 Qa5 14. a3 d5 15. e5 Bd7 16. b4 cxb4 17. axb4 Qc7 18. Bc5 Rfc8 19. Qf2 Bf8 20. Bb6 Qb8 21. c3 Na7 22. Rfc1 Nb5 23. Rb3 Rc6 24. c4 Be7 25. Qe3 Qc8 26. Nd2 Bd8 27. Bxd8 Qxd8 28. Qe1 Rac8 29. Ra1 Qb6+ 30. c5 Qd8 31. Nf3 Ra8 32. d4 Rcc8 33. Bf1 Nc7 34. Qb1 Bb5 35. Ne1 Qd7 36. Bd3 Bxd3 1/2-1/2

[Event "SVK-chT1E 0910"]
[Site "Slovakia"]
[Date "2010.03.07"]
[Round "11.5"]
[White "Veselovsky, Jan"]
[Black "Tatarko, Tomas"]
[Result "1/2-1/2"]
[WhiteElo "2067"]
[BlackElo "2046"]
[PlyCount "70"]
[EventDate "2009.10.17"]
[EventType "team"]
[EventRounds "11"]
[EventCountry "SVK"]
[SourceTitle "EXT 2011"]
[Source "ChessBase"]
[SourceDate "2010.11.26"]
[SourceVersion "1"]
[SourceVersionDate "2010.11.26"]
[SourceQuality "1"]
[WhiteTeam "Bardejov BSK"]
[BlackTeam "Sabinov"]
[WhiteTeamCountry "SVK"]
[BlackTeamCountry "SVK"]

1. e4 c5 2. Nf3 d6 3. d4 cxd4 4. Qxd4 a6 5. c4 Nc6 6. Qd2 Nf6 7. Nc3 g6 8. b3 Bg7 9. Bb2 0-0 10. Be2 b6 11. 0-0 Bb7 12. Rfe1 Rc8 13. Rad1 Qc7 14. Bd3 Rfe8 15. Bb1 Na7 16. Rc1 Qd8 17. Nd5 Bxd5 18. cxd5 Rxc1 19. Rxc1 Qb8 20. Nd4 Rc8 21. Nc6 Nxc6 22. dxc6 Ne8 23. Bxg7 Nxg7 24. b4 b5 25. Qe3 Ne6 26. Rc3 Kg7 27. f4 Nd8 28. h4 Nxc6 29. Kh2 Nd8 30. h5 Rxc3 31. Qxc3+ f6 32. a3 Qb7 33. Qg3 e5 34. hxg6 hxg6 35. f5 g5 1/2-1/2

[Event "SVK-chT2D 0910"]
[Site "Slovakia"]
[Date "2010.01.09"]
[Round "6.2"]
[White "Tatarko, Tomas"]
[Black "Pastir, Stanislav"]
[Result "1/2-1/2"]
[WhiteElo "2046"]
[BlackElo "2020"]
[PlyCount "35"]
[EventDate "2009.10.10"]
[EventType "team"]
[EventRounds "11"]
[EventCountry "SVK"]
[SourceTitle "EXT 2011"]
[Source "ChessBase"]
[SourceDate "2010.11.26"]
[SourceVersion "1"]
[SourceVersionDate "2010.11.26"]
[SourceQuality "1"]
[WhiteTeam "Sabinov II"]
[BlackTeam "Presov Tatran"]
[WhiteTeamCountry "SVK"]
[BlackTeamCountry "SVK"]

1. e4 c5 2. Nf3 d6 3. d4 cxd4 4. Nxd4 Nf6 5. Nc3 a6 6. Bg5 e6 7. f4 Be7 8. Qf3 h6 9. Bh4 g5 10. fxg5 Nfd7 11. Be2 Ne5 12. Qf2 hxg5 13. Bg3 Nbd7 14. 0-0-0 b5 15. Nf3 Ng4 16. Qd4 e5 17. Qd2 Bb7 18. Bd3 1/2-1/2

[Event "SVK-chT1E 0809"]
[Site "Slovakia"]
[Date "2009.03.08"]
[Round "11.2"]
[White "Kamody, Mario"]
[Black "Tatarko, Tomas"]
[Result "1-0"]
[WhiteElo "2086"]
[BlackElo "2043"]
[PlyCount "53"]
[EventDate "2008.10.18"]
[EventType "team-tourn"]
[EventRounds "11"]
[EventCountry "SVK"]
[SourceTitle "EXT 2010"]
[Source "ChessBase"]
[SourceDate "2010.11.25"]
[SourceVersion "1"]
[SourceVersionDate "2010.11.25"]
[SourceQuality "1"]
[WhiteTeam "Banska Bystrica TH junior"]
[BlackTeam "Sabinov"]
[WhiteTeamCountry "SVK"]
[BlackTeamCountry "SVK"]

1. e4 c5 2. Nf3 d6 3. d4 cxd4 4. Nxd4 Nf6 5. Nc3 a6 6. Bg5 e6 7. f4 Be7 8. Qd2 Qc7 9. 0-0-0 Nc6 10. Nxc6 bxc6 11. Bd3 e5 12. Rhf1 h6 13. Bxf6 Bxf6 14. Bc4 exf4 15. Qxd6 Qxd6 16. Rxd6 Bb7 17. Bxf7+ Ke7 18. e5 Bg5 19. Ne4 Rad8 20. Bc4 Rxd6 21. exd6+ Kd8 22. Nc5 Bc8 23. h4 Bxh4 24. d7 Bxd7 25. Rd1 Bg5 26. Rxd7+ Ke8 27. Bf7+ 1-0

[Event "SVK-chT1E 0708"]
[Site "Slovakia"]
[Date "2007.10.13"]
[Round "1.6"]
[White "Tatarko, Tomas"]
[Black "Hlavac, Peter"]
[Result "0-1"]
[WhiteElo "2043"]
[BlackElo "2077"]
[PlyCount "74"]
[EventDate "2007.10.13"]
[EventType "team-swiss"]
[EventRounds "11"]
[EventCountry "SVK"]
[SourceTitle "EXT 2009"]
[Source "ChessBase"]
[SourceDate "2008.11.26"]
[SourceVersion "1"]
[SourceVersionDate "2008.11.26"]
[SourceQuality "1"]
[WhiteTeam "Sabinov"]
[BlackTeam "Rajecke Teplice"]
[WhiteTeamCountry "SVK"]
[BlackTeamCountry "SVK"]

1. c4 e5 2. Nc3 Nf6 3. d3 Bb4 4. Bg5 c6 5. Nf3 Qa5 6. a3 Bxc3+ 7. bxc3 d5 8. Qb3 Nbd7 9. Nd2 0-0 10. Bxf6 Nxf6 11. e3 Be6 12. Qb4 Qc7 13. Be2 a5 14. Qb2 dxc4 15. Nxc4 Bxc4 16. dxc4 Rfd8 17. 0-0 Rd7 18. Rfd1 Rad8 19. Qc2 b6 20. Rab1 g6 21. Rxd7 Nxd7 22. Qb3 Kg7 23. Bf3 f5 24. Qb2 e4 25. Be2 g5 26. g3 Rf8 27. c5 bxc5 28. Qb7 Qxb7 29. Rxb7 Rf7 30. Ra7 Kf6 31. Rxa5 Ne5 32. a4 c4 33. Ra6 Rd7 34. a5 Rd2 35. Bh5 g4 36. Ra8 Rd1+ 37. Kg2 Nf3 0-1

[Event "SVK-ch op-A"]
[Site "Banska Stiavnica"]
[Date "2007.07.14"]
[Round "8.56"]
[White "Tatarko, Tomas"]
[Black "Kovac, Andrej"]
[Result "1-0"]
[WhiteElo "2058"]
[BlackElo "1890"]
[PlyCount "65"]
[EventDate "2007.07.07"]
[EventType "swiss"]
[EventRounds "9"]
[EventCountry "SVK"]
[SourceTitle "EXT 2010"]
[Source "ChessBase"]
[SourceDate "2010.11.25"]
[SourceVersion "1"]
[SourceVersionDate "2010.11.25"]
[SourceQuality "1"]

1. e4 e5 2. Nf3 Nc6 3. d4 exd4 4. Nxd4 Bc5 5. Be3 Qf6 6. Nb5 Bxe3 7. fxe3 Qh4+ 8. g3 Qxe4 9. Nxc7+ Kd8 10. Nxa8 Qxh1 11. Qd6 Nge7 12. Nd2 Qd5 13. Qc7+ Ke8 14. Qxc8+ Nxc8 15. Nc7+ Ke7 16. Nxd5+ Kd6 17. Bg2 Re8 18. 0-0-0 f5 19. Nf3 Kc5 20. c3 a5 21. Ne1 Rf8 22. Nc2 N8a7 23. b4+ axb4 24. cxb4+ Kd6 25. Nf6+ Ke7 26. Nxd7 Rc8 27. Nb6 Rd8 28. Rxd8 Kxd8 29. a4 Kc7 30. Nc4 b5 31. axb5 Nxb5 32. Bxc6 Kxc6 33. Nd4+ 1-0